Catálogo
 En Linea

El futuro dominicano / (Registro nro. 29044)

Detalles MARC
000 -CABECERA
campo de control de longitud fija 00892nam a2200277 i 4500
001 - NÚMERO DE CONTROL
campo de control 000029552
003 - IDENTIFICADOR DEL NÚMERO DE CONTROL
campo de control DO-SdBNP
005 - FECHA Y HORA DE LA ÚLTIMA TRANSACCIÓN
campo de control 20260311083040.0
007 - CAMPO FIJO DE DESCRIPCIÓN FÍSICA--INFORMACIÓN GENERAL
campo de control de longitud fija ta
008 - DATOS DE LONGITUD FIJA--INFORMACIÓN GENERAL
campo de control de longitud fija 110418s1980 dr 000 0 spa d
040 ## - FUENTE DE LA CATALOGACIÓN
Centro catalogador/agencia de origen DO-SdBNP
Lengua de catalogación spa
Centro/agencia transcriptor BNPHU
Normas de descripción rda
041 ## - CÓDIGO DE LENGUA
Código de lengua del texto/banda sonora o título independiente spa
082 #4 - NÚMERO DE LA CLASIFICACIÓN DECIMAL DEWEY
Número de clasificación xxx
Número de documento/Ítem M938f
Número de edición 22
100 ## - ENTRADA PRINCIPAL--NOMBRE DE PERSONA
Nombre de persona Moya Pons, Frank,
Término indicativo de función/relación autor
Código de función/relación aut.
9 (RLIN) 84999
111 2# - ENTRADA PRINCIPAL--NOMBRE DE CONGRESO/REUNIÓN
Nombre de congreso/reunión o jurisdicción como elemento de entrada Conferencia encuentro de jóvenes sobresalientes de la República Dominicana
Sede del congreso/Lugar de la reunión (Santo Domingo
Fecha del congreso/reunión 1980 : 27 agosto
Número del congreso/reunión o número de parte o sección 1: )
9 (RLIN) 56389
245 13 - MENCIÓN DE TÍTULO
Título El futuro dominicano /
Mención de responsabilidad, etc. Frank Moya Pons.
264 #1 - PRODUCCIÓN, PUBLICACIÓN, DISTRIBUCIÓN, FABRICACIÓN Y COPYRIGHT
Producción, publicación, distribución, fabricación y copyright Santo Domingo :
Nombre del de productor, editor, distribuidor, fabricante editor no identificado,
Fecha de producción, publicación, distribución, fabricación o copyright 1980.
300 ## - DESCRIPCIÓN FÍSICA
Extensión 17 páginas ;
Dimensiones 22 cm.
336 ## - TIPO DE CONTENIDO
Término de tipo de contenido texto
Código de tipo de contenido txt
Fuente rdacontent
337 ## - TIPO DE MEDIO
Nombre/término del tipo de medio sinmediación
Código del tipo de medio n
Fuente rdamedia
338 ## - TIPO DE SOPORTE
Nombre/término del tipo de soporte volumen
Código del tipo de soporte nc
Fuente rdacarrier
590 ## - NOTA LOCAL (RLIN)
Nota local Inventariado, 2019/VM
600 10 - PUNTO DE ACCESO ADICIONAL DE MATERIA--NOMBRE DE PERSONA
Nombre de persona Moya Pons, Frank,
Fechas asociadas al nombre 1944-
9 (RLIN) 2095
910 ## - DATOS DE OPCIÓN DEL USUARIO (OCLC)
Datos de opción del usuario VM
942 ## - ELEMENTOS DE PUNTO DE ACCESO ADICIONAL (KOHA)
Fuente del sistema de clasificación o colocación Dewey Decimal Classification
Tipo de ítem Koha Folleto
Existencias
Estado de retiro Estado de pérdida Fuente del sistema de clasificación o colocación Restricciones de uso No para préstamo Código de colección Localización permanente Ubicación/localización actual Ubicación en estantería Fecha de adquisición Signatura topográfica completa Código de barras Fecha visto por última vez Número de copia Precio válido a partir de Tipo de ítem Koha Fuente de adquisición
    Dewey Decimal Classification Préstamo en sala   Dominicana Folletos Biblioteca Nacional Pedro Henríquez Ureña Biblioteca Nacional Pedro Henríquez Ureña En catalogación 22.04.2013 BNPHU F-DS M938f 29552-30 25.06.2020 e. 3 25.06.2020 Folleto  
    Dewey Decimal Classification Préstamo en sala   Dominicana Folletos Biblioteca Nacional Pedro Henríquez Ureña Biblioteca Nacional Pedro Henríquez Ureña En catalogación 22.04.2013 BNPHU F-DS M938f 29552-40 25.06.2020 e. 4 25.06.2020 Folleto Donación
    Dewey Decimal Classification Préstamo en sala   Dominicana Folletos Biblioteca Nacional Pedro Henríquez Ureña Biblioteca Nacional Pedro Henríquez Ureña En catalogación 22.04.2013 BNPHU F-DS M938f 29552-50 25.06.2020 e. 5 25.06.2020 Folleto  
    Dewey Decimal Classification Excluido de préstamo   Patrimonio Dominicano Folletos Biblioteca Nacional Pedro Henríquez Ureña Biblioteca Nacional Pedro Henríquez Ureña En catalogación 18.04.2011 BNPHU F-PD M938f 29552-10 25.06.2020   25.06.2020 Folleto  
    Dewey Decimal Classification Excluido de préstamo   Patrimonio Dominicano Folletos Biblioteca Nacional Pedro Henríquez Ureña Biblioteca Nacional Pedro Henríquez Ureña En catalogación 22.04.2013 BNPHU F-PD M938f 29552-20 25.06.2020 e. 2 25.06.2020 Folleto  

Con tecnología Koha